Pasajeros a Su Tren - Lu Decker, Gonzalo Hermida - Estadísticas

Estadísticas generales
  • Esta prueba ha sido intentada 35 veces
  • La puntuación promedio es 59 de 307
Estadísticas de respuestas
Letra % Correcto
a
100%
de
50%
De
50%
es
50%
la
50%
La
50%
lo
50%
Lo
50%
me
50%
50%
mi
50%
no
50%
No
50%
pa'
50%
por
50%
Que
50%
que
50%
¿Qué
50%
sin
50%
su
50%
te
50%
Y
50%
y
50%
acuerdo
0%
ahh
0%
ahora
0%
aire
0%
al
0%
aquí
0%
arte
0%
así
0%
aún
0%
baile?
0%
bonito
0%
cada
0%
cantarte
0%
cerrar
0%
cobardes
0%
cristal
0%
cual
0%
Cualquier
0%
cuento
0%
culpa
0%
culpable
0%
Dejamos
0%
Dejando
0%
diga
0%
disfraz
0%
distancia
0%
dos
0%
egoístas
0%
el
0%
en
0%
eso
0%
fue
0%
fuerzas
0%
fuimos
0%
ha
0%
haría
0%
he
0%
hechas
0%
Hicimos
0%
kilómetro
0%
las
0%
le
0%
los
0%
Madrid
0%
maletas
0%
más
0%
mía
0%
miedo
0%
Míranos
0%
Miro
0%
misión
0%
mismo
0%
momento
0%
mundos
0%
nadie
0%
nuestro
0%
pasado
0%
Pasajeros
0%
perdida
0%
pero
0%
piel
0%
Porque
0%
propio
0%
pudo
0%
quedan
0%
quedé
0%
quedó
0%
ríe
0%
se
0%
ser
0%
siempre
0%
siento
0%
tan
0%
tendrá
0%
trece
0%
tren
0%
tuya
0%
último
0%
un
0%
uno
0%
Vendo
0%
veo
0%
viste
0%
vivir
0%
volveré
0%
vuelo
0%
vuelto
0%
Ya
0%
ya
0%
yo
0%
No se encontraron pruebas coincidentes
Distribución de puntuación
Porcentaje de gente con cada puntuación
Porcentaje por número respondido
Historial de tus puntuaciones
No has intentado esta prueba.